000 00233nmm a2200085Ia 4500
008 220120s9999||||xx |||||||||||||||||und||
100 _aDigit
245 0 _aAndriode development, ubuntu 16.04 LIS, digit archives
260 _aNine dot Nine
999 _c140006
_d140006